Niektoré problémy financovania samosprávnych kompetencií územnej samosprávy na úseku školstva po fiškálnej decentralizácii

Niektoré problémy financovania samosprávnych kompetencií na úseku školstva.

Salvato in:
Dettagli Bibliografici
Autore principale: Korintuš, Karol
Natura: Capitolo di libro
Lingua:slovacco
Soggetti:
Tags: Aggiungi Tag
Nessun Tag, puoi essere il primo ad aggiungerne!!

MARC

LEADER 00000nla$a2200000$$$4500
001 0145355
005 20221103133948.5
041 0 |a slo 
044 |a SK 
245 1 0 |a Niektoré problémy financovania samosprávnych kompetencií územnej samosprávy na úseku školstva po fiškálnej decentralizácii  |c Karol Korintuš 
520 |a Niektoré problémy financovania samosprávnych kompetencií na úseku školstva. 
610 2 0 |a samospráva 
610 2 0 |a decentralizácia 
610 2 0 |a politika fiškálna 
610 2 0 |a Slovensko 
610 2 0 |a financovanie školstva 
100 1 |a Korintuš, Karol